<?xml version="1.0" encoding="UTF-8"?>
<marc:record xmlns:marc="http://www.loc.gov/MARC21/slim">
   <marc:leader>00000nam a2200000 a 4500</marc:leader>
   <marc:datafield ind1="1" ind2=" " tag="100">
      <marc:subfield code="a">Garner, James</marc:subfield>
   </marc:datafield>
   <marc:datafield ind1="1" ind2=" " tag="100">
      <marc:subfield code="a">Foster, Jodie</marc:subfield>
   </marc:datafield>
   <marc:datafield ind1="1" ind2=" " tag="100">
      <marc:subfield code="a">Gibson, Mel</marc:subfield>
   </marc:datafield>
   <marc:datafield ind1="1" ind2=" " tag="100">
      <marc:subfield code="a">Donner, Richard</marc:subfield>
   </marc:datafield>
   <marc:datafield ind1="0" ind2="0" tag="245">
      <marc:subfield code="a">Maverick [Bildtonträger]</marc:subfield>
   </marc:datafield>
   <marc:datafield ind1="0" ind2="0" tag="245">
      <marc:subfield code="c">a Richard Donner Film. Mit Mel Gibson, Jodie Foster, James Garner ...</marc:subfield>
   </marc:datafield>
   <marc:datafield ind1=" " ind2="1" tag="264">
      <marc:subfield code="b">Warner Home Video</marc:subfield>
      <marc:subfield code="c">1998</marc:subfield>
   </marc:datafield>
   <marc:datafield ind1="1" ind2=" " tag="520">
      <marc:subfield code="a">Auf einem Mississippi-Dampfer wird ein Pokerturnier der Superlative veranstaltet. Preisgeld Eine halbe Million Dollar. Ein ziemlich hochkarätiges Spektakel für den kleinen, aber umso charmanteren Zocker Maverick. Mit Mühe hat er die hohe Teilnahmegebühr zusammengekratzt Der Auftritt seines Lebens scheint zum Greifen nah. Aber wie das Schicksal so spielt, begegnet ihm eine unwiderstehliche Trickbetrügerin, die ihm nicht nur das Herz sondern gleich auch noch die Brieftasche stiehlt ...</marc:subfield>
   </marc:datafield>
   <marc:datafield ind1=" " ind2=" " tag="020">
      <marc:subfield code="a">7321921133749</marc:subfield>
      <marc:subfield code="9">7321921133749</marc:subfield>
   </marc:datafield>
   <marc:datafield ind1=" " ind2=" " tag="500">
      <marc:subfield code="a">USA 1994. Sprache: Deutsch, Englisch, Spanisch. Untertitel: Deutsch, Englisch, Französisch, Spanisch, Italienisch, Dänisch, Finnisch, Hebräisch, Niederländisch, Norwegisch, Portugiesisch, Schwedisch</marc:subfield>
   </marc:datafield>
   <marc:datafield ind1="0" ind2=" " tag="490">
      <marc:subfield code="v">0</marc:subfield>
   </marc:datafield>
   <marc:datafield ind1=" " ind2=" " tag="300">
      <marc:subfield code="a">1 DVD (121 Min.) : farbig</marc:subfield>
   </marc:datafield>
</marc:record>
